000 00616 a2200181 4500
999 _c208
_d208
008 200211b ||||| |||| 00| 0 eng d
020 _a9280161148
082 0 0 _a623.8245
_bI339
100 _aIMO
110 _976
_aInternational Maritime Organization
245 _aModel course 1.01: basic training for oil and chemical tanker cargo operations (Model Course 1.01)
_cby International Maritime Organization
250 _a2nd ed.
260 _aLondon:
_bInternational Maritime Organization,
_c2014.
300 _av, 208 p.
490 0 _aModel Course 1.01
650 0 _aTankers - Study and Teaching
942 _2ddc
_cBK